[Event "ESTCC U65 2018"]
[Site "Walbrzych"]
[Date "2018.04.19"]
[Round "6"]
[White "Jorgensen, Brian Jorgen"]
[Black "Zhelnin, Vladimir V"]
[Result "0-1"]
[WhiteElo "2255"]
[BlackElo "2458"]
[Annotator "TA"]
[PlyCount "50"]
[EventDate "2018.??.??"]
[EventCountry "POL"]
[SourceTitle "playchess.com"]
[Source "ChessBase"]
[SourceQuality "1"]
[WhiteTeam "Denmark"]
[BlackTeam "Russia"]
[WhiteTeamCountry "DEN"]
[BlackTeamCountry "RUS"]

{[%evp 19,50,29,43,-12,50,-31,-31,-30,-33,-33,-41,-42,-19,-19,-33,-25,-20,-31,-31,-37,-43,-31,-37,-112,-62,-60,-33,-73,-70,-101,-93,-241,-241]} 1. d4 d6 2. Nf3 g6 3. c4 Bg7 4. Nc3 Nf6 5. e4 O-O 6. Be2 e5 7. Be3 Ng4 8. Bg5 f6 9. Bh4 Nc6 10. h3 Nh6 {LiveBook: 7 Games. E92: King's Indian: Classical: 6 Be2 e5: 7 dxe5, 7 Be3 and Petrosian System without 7...Nbd7} 11. Qd2 ({White should play} 11. d5 $14 Ne7 12. O-O) (11. d5 Ne7 12. g4 Nf7 13. Qc2 c5 14. O-O-O a6 15. Nd2 Bd7 16. Bg3 Bh6 17. Kb1 Rb8 18. h4 {0-1 (45) Guimaraes,W (2217)-Perdomo,L (2449) Rio de Janeiro 2018}) 11... Nf7 (11... Nxd4 $11 12. Nxd4 exd4 13. Qxd4 Be6) 12. dxe5 $146 (12. d5 $14 Nd4 13. Nxd4 exd4 14. Qxd4) ({Predecessor:} 12. d5 Ne7 13. g4 g5 14. Bg3 Ng6 15. Ng1 Nf4 16. Bf1 c6 17. f3 {½-½ (41) Vatansever,A (1938)-Nickl,K (2075) Marianske Lazne 2016}) 12... dxe5 $15 {Black is slightly better.} 13. Rd1 Qxd2+ $1 14. Rxd2 Nfd8 {[%cal Bf7d8,Bd8e6,Be6d4][%mdl 32]} 15. O-O Bh6 16. Rdd1 Ne6 17. Nd5 Kg7 18. Rfe1 Rf7 19. Bd3 Ncd4 20. Nxd4 Nxd4 21. f3 (21. f4 $15) 21... Be6 22. Bf2 Rd8 23. Bf1 c6 24. Nc3 Rfd7 25. Rb1 (25. b3 $17) 25... Bd2 {Precision: White = 35%, Black = 47%.} 0-1

[Event "ESTCC U65 2018"]
[Site "Walbrzych"]
[Date "2018.04.19"]
[Round "6"]
[White "Vucenovic, Dragomir"]
[Black "Grahn, Lars"]
[Result "0-1"]
[WhiteElo "2248"]
[BlackElo "1949"]
[Annotator "NA"]
[PlyCount "76"]
[EventDate "2018.??.??"]
[EventCountry "POL"]
[SourceTitle "playchess.com"]
[Source "ChessBase"]
[SourceQuality "1"]
[WhiteTeam "Switzerland"]
[BlackTeam "Sweden"]
[WhiteTeamCountry "SUI"]
[BlackTeamCountry "SWE"]
[TimeControl "40/5400+30:1800+30"]

1. d4 {[%emt 0:00:00]} f5 {[%emt 0:00:08]} 2. Nf3 {[%emt 0:00:00]} Nf6 {[%emt 0:00:10]} 3. g3 {[%emt 0:00:00]} g6 {[%emt 0:00:09]} 4. Bg2 {[%emt 0:00:00]} Bg7 {[%emt 0:00:09] LiveBook: 4855 Games} 5. O-O {[%emt 0:00:02]} O-O {[%emt 0:00:07]} 6. c4 {[%emt 0:00:05]} d6 {[%emt 0:00:08]} 7. Nc3 {[%emt 0:00:07]} c6 {[%emt 0:00:10]} 8. Qc2 {[%emt 0:00:04]} Qc7 {[%emt 0:00:38]} 9. Bg5 {[%emt 0:00:11] A88: Dutch Defence: Leningrad System: 5 Nf3 0-0 6 0-0 d6 7 Nc3 c6} (9. b3 a5 10. Bb2 Na6 11. Rad1 e5 12. dxe5 dxe5 13. Na4 Ne4 14. Nd2 Nec5 15. Nxc5 Nxc5 16. a3 e4 17. Bxg7 Qxg7 18. b4 axb4 19. axb4 {0-1 (44) Beradze,I (2416)-Bortnyk,O (2557) Ureki 2015}) 9... e5 {[%emt 0:02:43]} 10. dxe5 {[%emt 0:02:09]} dxe5 {[%emt 0:00:09]} 11. Rad1 {[%emt 0:00:20]} Be6 {[%emt 0:01:57]} 12. b3 {[%emt 0:00:50]} Na6 {[%emt 0:01:55]} 13. Na4 $146 {[%emt 0:10:54]} ({Predecessor:} 13. Bc1 e4 14. Nd4 Bf7 15. Na4 Rad8 16. Ba3 Rfe8 {1-0 (67) Otte,M (2162)-Schmid,M (2126) Bayern 2005}) 13... h6 {[%emt 0:07:03]} 14. Bc1 {[%emt 0:09:44]} Rfd8 {[%emt 0:07:45]} 15. Bb2 {[%emt 0:06:53]} e4 {[%emt 0:19:00]} 16. Nd4 {[%emt 0:02:02]} Bf7 {[%emt 0:00:27]} 17. Qb1 {[%emt 0:10:33]} Qe7 {[%emt 0:06:29]} 18. Nc2 {[%emt 0:04:34]} Rxd1 {[%emt 0:01:58]} 19. Rxd1 Rd8 {[%emt 0:00:44]} 20. Ba3 {[%emt 0:10:40]} Rxd1+ {[%emt 0:01:24]} 21. Qxd1 {[%emt 0:00:07]} Qd7 {[%emt 0:00:58]} 22. Qxd7 {[%emt 0:13:46]} Nxd7 {[%emt 0:00:02]} 23. Bb2 {[%emt 0:01:38]} Nac5 {[%emt 0:07:13]} 24. Nxc5 {[%emt 0:02:44]} Nxc5 {[%emt 0:00:02]} 25. Ba3 {[%emt 0:01:50]} Ne6 {[%emt 0:03:21]} 26. Bc1 {[%emt 0:06:42]} Kh7 {[%emt 0:03:31]} 27. g4 {[%emt 0:04:50]} Nd4 {[%emt 0:03:22]} 28. Nxd4 {[%emt 0:01:24]} Bxd4 {[%emt 0:00:03]} 29. e3 {[%emt 0:01:04]} Bc3 {[%emt 0:02:01]} 30. f3 {[%emt 0:06:12]} exf3 {[%emt 0:03:54]} 31. Bxf3 {[%emt 0:00:08]} Be6 {[%emt 0:00:36]} 32. gxf5 {[%emt 0:01:55]} Bxf5 {[%emt 0:00:15]} 33. e4 {[%emt 0:01:06]} Bh3 {[%emt 0:01:34]} 34. Be3 {[%emt 0:00:47]} a6 {[%emt 0:01:58]} 35. Kf2 {[%emt 0:00:45]} Be5 {[%emt 0:00:51]} 36. Kg1 {[%emt 0:00:44]} g5 {[%emt 0:03:31]} 37. Be2 {[%emt 0:01:52]} Kg6 $17 {[%emt 0:01:37]} 38. b4 {[%emt 0:00:37]} b5 {[%emt 0:05:02]} 0-1

[Event "ESTCC U65 2018"]
[Site "Walbrzych"]
[Date "2018.04.19"]
[Round "6"]
[White "Hurme, Harri"]
[Black "Christiansen, Arne"]
[Result "1/2-1/2"]
[WhiteElo "2229"]
[BlackElo "2045"]
[Annotator "NA"]
[PlyCount "140"]
[EventDate "2018.??.??"]
[EventCountry "POL"]
[SourceTitle "playchess.com"]
[Source "ChessBase"]
[SourceQuality "1"]
[WhiteTeam "Finland"]
[BlackTeam "Denmark"]
[WhiteTeamCountry "FIN"]
[BlackTeamCountry "DEN"]
[TimeControl "40/5400+30:1800+30"]

1. d4 {[%emt 0:00:00]} d5 {[%emt 0:00:06]} 2. c4 {[%emt 0:00:00]} e6 {[%emt 0:00:06]} 3. Nc3 {[%emt 0:00:00]} Nf6 {[%emt 0:00:07]} 4. cxd5 {[%emt 0:00:04]} exd5 {[%emt 0:00:22]} 5. Bg5 {[%emt 0:00:10]} c6 {[%emt 0:00:30]} 6. Qc2 {[%emt 0:00:10]} Nbd7 {[%emt 0:01:34]} 7. e3 {[%emt 0:00:35]} Be7 {[%emt 0:00:31]} 8. h3 {[%emt 0:01:43]} O-O {[%emt 0:00:39]} 9. Bd3 {[%emt 0:00:30]} Re8 {[%emt 0:02:28]} 10. Nge2 {[%emt 0:00:34] LiveBook: 110 Games} Nf8 {[%emt 0:00:40]} 11. O-O {[%emt 0:00:53] D36: Queen's Gambit Declined: Exchange Variation: Main line (5 Bg5 c6 6 Qc2)} (11. O-O-O a5 12. Kb1 b5 13. Ng3 a4 14. Nce2 Ra6 15. f3 h6 16. Bxf6 Bxf6 17. e4 dxe4 18. fxe4 Be6 19. e5 Be7 {½-½ (36) Dreev,A (2694)-Jussupow,A (2586) Switzerland 2011}) 11... h6 {[%emt 0:02:19]} 12. Bf4 {[%emt 0:00:24]} Bd6 {[%emt 0:01:17]} 13. Rab1 {[%emt 0:01:34]} Bxf4 {[%emt 0:06:22]} 14. Nxf4 {[%emt 0:00:06]} Ne6 {[%emt 0:00:23]} 15. Nxe6 {[%emt 0:03:03]} Bxe6 {[%emt 0:00:21]} 16. b4 {[%emt 0:00:14]} Bd7 $146 {[%emt 0:08:08]} ({Find the theoretical novelty and annotate with similar games:} 16... Rc8 17. Rfc1 a6 18. a4 Re7 19. b5 axb5 20. axb5 {1-0 (33) Pakleza,Z (2497)-Priehoda,V (2360) Czech Republic 2018}) 17. b5 {[%emt 0:02:23]} Qe7 {[%emt 0:03:12]} 18. bxc6 {[%emt 0:01:01]} Bxc6 {[%emt 0:00:12]} 19. Na4 {[%emt 0:01:36]} Ne4 {[%emt 0:06:18]} 20. Bxe4 {[%emt 0:00:46]} Qxe4 {[%emt 0:00:24]} 21. Qxe4 {[%emt 0:00:26]} Rxe4 {[%emt 0:00:17]} 22. Nc5 {[%emt 0:00:36]} Re7 {[%emt 0:00:18]} 23. Rfc1 {[%emt 0:02:11]} Rc8 {[%emt 0:06:20]} 24. Nd3 {[%emt 0:03:50]} Rec7 {[%emt 0:04:17]} 25. Rc3 {[%emt 0:03:44]} Bd7 {[%emt 0:04:03]} 26. Rxc7 {[%emt 0:10:17]} Rxc7 {[%emt 0:00:13]} 27. Rb3 {[%emt 0:00:29]} b6 {[%emt 0:02:19]} 28. g4 {[%emt 0:01:15]} g5 {[%emt 0:04:36]} 29. Kf1 {[%emt 0:02:53]} Kf8 {[%emt 0:00:22]} 30. Ke1 {[%emt 0:00:24]} Ke7 {[%emt 0:02:36]} 31. Kd2 {[%emt 0:00:25]} f6 {[%emt 0:02:23]} 32. f3 {[%emt 0:02:09]} Rc4 {[%emt 0:11:15]} 33. Nb2 {[%emt 0:02:56]} Rc7 {[%emt 0:01:59]} 34. a4 {[%emt 0:02:14]} Kd6 {[%emt 0:00:43]} 35. Ra3 {[%emt 0:01:15]} a5 {[%emt 0:06:02]} 36. Nd1 {[%emt 0:01:35]} Rc4 {[%emt 0:07:56]} 37. Nc3 {[%emt 0:00:41]} Rb4 {[%emt 0:00:35]} 38. Kc2 {[%emt 0:03:45]} Rc4 {[%emt 0:01:38]} 39. Ra1 {[%emt 0:01:39]} Bc6 {[%emt 0:07:06]} 40. Kd3 {[%emt 0:00:00]} Rb4 {[%emt 0:00:58]} 41. e4 {[%emt 0:03:49]} Rb2 {[%emt 0:01:18]} 42. Rh1 {[%emt 0:13:41]} Rf2 {[%emt 0:02:00]} 43. exd5 {[%emt 0:01:24]} Bxd5 {[%emt 0:00:12]} 44. Ne4+ {[%emt 0:00:41]} Bxe4+ {[%emt 0:00:16]} 45. fxe4 {[%emt 0:00:26]} Ra2 {[%emt 0:00:17]} 46. Rb1 {[%emt 0:03:57]} Ra3+ {[%emt 0:01:32]} 47. Ke2 {[%emt 0:00:42]} Kc7 {[%emt 0:00:54]} 48. Rf1 {[%emt 0:01:13]} Rxa4 {[%emt 0:02:40]} 49. Kd3 {[%emt 0:00:27]} b5 {[%emt 0:04:27]} 50. d5 {[%emt 0:01:48]} Ra3+ {[%emt 0:01:45]} 51. Kd4 {[%emt 0:00:24]} Ra4+ {[%emt 0:12:13]} 52. Kc5 {[%emt 0:00:38]} Rxe4 {[%emt 0:02:54]} 53. Rxf6 {[%emt 0:01:09]} b4 {[%emt 0:00:25]} 54. Ra6 {[%emt 0:02:15]} Re3 {[%emt 0:01:54]} 55. Ra7+ {[%emt 0:00:37]} Kc8 {[%emt 0:00:30]} 56. Rxa5 $11 {[%emt 0:00:27]} b3 {[%emt 0:00:11]} 57. Rb5 {[%emt 0:12:54]} Rxh3 {[%emt 0:01:09]} 58. Kc4 {[%emt 0:00:11]} Rg3 {[%emt 0:01:56]} 59. Rxb3 {[%emt 0:00:42]} Rxg4+ {[%emt 0:00:11]} 60. Kc5 {[%emt 0:00:08]} h5 {[%emt 0:01:24]} 61. Rb6 {[%emt 0:03:15]} Rg1 {[%emt 0:00:59]} 62. Rh6 {[%emt 0:00:38]} h4 {[%emt 0:02:25]} 63. Kd6 {[%emt 0:01:45]} Re1 {[%emt 0:02:57]} 64. Rh8+ {[%emt 0:01:01]} Kb7 {[%emt 0:00:08]} 65. Rh5 {[%emt 0:00:17]} Re8 {[%emt 0:02:14]} 66. Rxg5 {[%emt 0:01:26]} Rh8 {[%emt 0:00:08]} 67. Rg7+ {[%emt 0:02:20]} Kb6 {[%emt 0:00:40]} 68. Rg2 {[%emt 0:00:59]} Rh6+ {[%emt 0:00:49]} 69. Ke5 {[%emt 0:00:44]} h3 {[%emt 0:00:31]} 70. Rh2 {[%emt 0:00:25]} Rh5+ {[%emt 0:00:13]} 1/2-1/2

[Event "ESTCC U65 2018"]
[Site "Walbrzych"]
[Date "2018.04.19"]
[Round "6"]
[White "Kolbak, Jens"]
[Black "Westerinen, Heikki M J"]
[Result "0-1"]
[WhiteElo "2213"]
[BlackElo "2308"]
[Annotator "TA"]
[PlyCount "126"]
[EventDate "2018.??.??"]
[EventCountry "POL"]
[SourceTitle "playchess.com"]
[Source "ChessBase"]
[SourceQuality "1"]
[WhiteTeam "Denmark"]
[BlackTeam "Finland"]
[WhiteTeamCountry "DEN"]
[BlackTeamCountry "FIN"]

{[%evp 17,126,16,26,26,33,26,37,28,40,25,27,6,15,16,36,36,50,43,74,46,56,35,37,35,45,24,72,39,35,16,16,16,25,5,19,19,16,16,28,24,28,28,28,28,28,39,58,45,29,0,0,0,23,-7,0,-6,-7,-70,-58,-67,-66,-95,-87,-131,-134,-141,-140,-155,-169,-159,-139,-134,-138,-130,-114,-146,-38,-53,-8,-8,-8,-2,-1,-13,-13,-13,-13,-14,-8,-8,-8,-12,-6,-14,-14,-14,-13,-13,0,-14,-14,-21,-21,-89,-85,-199,-206,-1223,-1214,-1187,-434]} 1. e4 e5 2. Nf3 Nc6 3. Bb5 g6 4. O-O Bg7 5. c3 a6 6. Ba4 d6 7. h3 Bd7 8. d4 Nf6 {C76: Ruy Lopez: Deferred Steinitz: 5 c3 Bd7 6 d4 g6} 9. d5 (9. Re1 O-O 10. Nbd2 h6 11. Nf1 Re8 12. Ng3 b5 13. Bc2 exd4 14. cxd4 Nb4 15. Bb1 c5 16. d5 a5 17. a3 Na6 18. Bf4 {1-0 (57) Ivanchuk,V (2726)-Mamedyarov,S (2799) Huaian 2017}) 9... Ne7 {LiveBook: 3 Games} 10. Bxd7+ Nxd7 {White has an edge.} 11. c4 O-O 12. Nc3 h6 13. Ne1 f5 14. Nd3 $146 ({Find the theoretical novelty and annotate with similar games:} 14. f3 f4 15. Nd3 g5 16. Bd2 {0-1 (41) Lopez Gomez,J (1963)-Ladron de Guevara Pinto,P (2353) Coimbra 2016}) 14... Nf6 15. f3 Nh5 16. Be3 Ng3 17. Re1 Kh7 18. Bf2 fxe4 19. fxe4 Nh5 20. c5 Nf4 21. Rc1 Ng8 22. cxd6 cxd6 23. Ne2 Nxd3 24. Qxd3 Nf6 25. Rc3 Rc8 26. Rec1 Rxc3 27. Rxc3 Qa5 28. a3 Qa4 29. Rc4 Qb5 30. Qc2 Rf7 31. a4 Qa5 32. b4 Qd8 33. a5 Nh5 34. Rc3 Nf4 35. Rf3 (35. Ng3 {NOTEXT} Qd7 36. Bb6 Qb5 37. Rc4 Bf6 38. Nh1) 35... Qg5 {[%csl Gf4][%cal Rg5g2]} 36. Nxf4 exf4 37. Bb6 (37. Be1 $11) 37... Qe5 $15 38. Rf1 Re7 39. Re1 {[#]} f3 $1 {[%mdl 512]} 40. Qf2 (40. gxf3 Qg3+) 40... fxg2 41. Kxg2 Qc3 42. Re2 Qxb4 43. Qf3 Re8 44. Qd3 Re5 45. Bd8 Qa4 46. Qc2 Qxc2 (46... Qb5 $17 {Strongly threatening ...Re8.} 47. Rf2 Qb4) 47. Rxc2 Rxe4 $17 {[%mdl 4096] Endgame White must now prevent ...Re8. KRB-KRB} (47... Re8 $5 {[%cal Re8d8]} 48. Bb6 Re7 $15) 48. Rc7 {Hoping for Bf6.} Kg8 49. Rxb7 Rd4 50. Rb6 Rxd5 51. Rxa6 Bd4 52. Bb6 Kf7 53. Ra7+ Ke6 54. Rh7 h5 55. Bxd4 Rxd4 $11 {KR-KR} 56. a6 Ra4 57. a7 d5 58. Rg7 Kf5 59. Kf3 Ra3+ 60. Ke2 {[#]} (60. Kf2 $11 {remains equal.}) 60... Kg5 $1 $17 61. Rd7 (61. Rf7 $17) 61... Kh4 $19 62. Rxd5 $2 (62. Rg7) 62... Rxa7 63. Rd3 Ra2+ {Precision: White = 44%, Black = 57%.} (63... Rf7 $142 64. Rd6 g5) 0-1

[Event "ESTCC U65 2018"]
[Site "Walbrzych"]
[Date "2018.04.19"]
[Round "6"]
[White "Ackermann, Hans Werner"]
[Black "Carlsten, Peter"]
[Result "1/2-1/2"]
[WhiteElo "2211"]
[BlackElo "2010"]
[Annotator "NA"]
[PlyCount "40"]
[EventDate "2018.??.??"]
[EventCountry "POL"]
[SourceTitle "playchess.com"]
[Source "ChessBase"]
[SourceQuality "1"]
[WhiteTeam "Germany"]
[BlackTeam "Sweden"]
[WhiteTeamCountry "GER"]
[BlackTeamCountry "SWE"]
[TimeControl "40/5400+30:1800+30"]

1. Nf3 {[%emt 0:00:00]} d6 {[%emt 0:00:36]} 2. d4 {[%emt 0:00:00]} f5 {[%emt 0:00:23]} 3. c4 {[%emt 0:03:37]} Nf6 {[%emt 0:00:07]} 4. Nc3 {[%emt 0:01:04]} g6 {[%emt 0:00:07]} 5. Bf4 {[%emt 0:04:40]} Bg7 {[%emt 0:00:37]} 6. e3 {[%emt 0:01:30]} O-O {[%emt 0:01:35]} 7. h3 {[%emt 0:00:35]} e6 {[%emt 0:06:31]} 8. Be2 {[%emt 0:04:10]} Qe7 {[%emt 0:00:33]} 9. Qb3 {[%emt 0:03:41]} Nbd7 $14 {[%emt 0:04:12]} 10. Nb5 {[%emt 0:03:02]} Ne8 {[%emt 0:05:21]} 11. c5 {[%emt 0:09:25]} dxc5 {[%emt 0:06:13]} 12. Nxc7 {[%emt 0:00:35]} Nxc7 {[%emt 0:00:30]} 13. Bxc7 {[%emt 0:00:09]} cxd4 {[%emt 0:07:15]} 14. exd4 {[%emt 0:00:53]} Nc5 {[%emt 0:00:13]} 15. dxc5 {[%emt 0:00:15]} Qxc7 {[%emt 0:02:16]} 16. O-O {[%emt 0:06:02]} Qxc5 {[%emt 0:01:11]} 17. Bc4 {[%emt 0:00:16]} Kh8 {[%emt 0:04:22]} 18. Bxe6 {[%emt 0:12:23]} Bxe6 {[%emt 0:00:54]} 19. Qxe6 {[%emt 0:00:35]} Rfe8 {[%emt 0:07:24]} 20. Qb3 {[%emt 0:03:45]} Qb6 {[%emt 0:01:12]} 1/2-1/2

[Event "ESTCC U65 2018"]
[Site "Walbrzych"]
[Date "2018.04.19"]
[Round "6"]
[White "Hedin, Gunnar"]
[Black "Buchal, Stephan"]
[Result "*"]
[WhiteElo "2174"]
[BlackElo "2310"]
[Annotator "TA"]
[PlyCount "24"]
[EventDate "2018.??.??"]
[EventCountry "POL"]
[SourceTitle "playchess.com"]
[Source "ChessBase"]
[SourceQuality "1"]
[WhiteTeam "Sweden"]
[BlackTeam "Germany"]
[WhiteTeamCountry "SWE"]
[BlackTeamCountry "GER"]

{[%evp 10,24,6,6,24,6,15,-12,15,12,12,0,23,26,24,0,0]} 1. f4 g6 2. Nf3 Bg7 3. g3 c5 4. Bg2 Nc6 5. O-O d6 6. d3 {LiveBook: 102 Games. A02: Bird's Opening} Bg4 (6... e5 7. e4 Nge7 8. c3 O-O 9. Na3 f5 10. fxe5 dxe5 11. Be3 b6 12. exf5 Bxf5 13. Ng5 Qxd3 14. Qb3+ Kh8 15. Rfe1 Bg4 16. Nf7+ Rxf7 17. Qxf7 {1-0 (47) Carlsen,M (2832)-Guseinov,G (2645) chess.com INT 2017}) 7. c3 Qd7 8. Qb3 Bxf3 $146 ({Find the theoretical novelty and annotate with similar games:} 8... Nf6 9. e4 O-O 10. Nbd2 Be6 11. Qc2 h6 12. Nh4 Bh3 13. Ndf3 b5 {0-1 (42) Becker,T-Kurr,G (2160) Germany 1990}) 9. Bxf3 h5 {[%cal Bh7h5,Bh5h4][%mdl 32]} 10. Nd2 Nf6 11. Ne4 Nxe4 12. Bxe4 h4 *

[Event "ESTCC U65 2018"]
[Site "Walbrzych"]
[Date "2018.04.19"]
[Round "6"]
[White "Baumbach, Friedrich"]
[Black "Karppinen, Martti"]
[Result "1-0"]
[WhiteElo "2172"]
[BlackElo "1894"]
[Annotator "NA"]
[PlyCount "79"]
[EventDate "2018.??.??"]
[EventCountry "POL"]
[SourceTitle "playchess.com"]
[Source "ChessBase"]
[SourceQuality "1"]
[WhiteTeam "Germany"]
[BlackTeam "Finland"]
[WhiteTeamCountry "GER"]
[BlackTeamCountry "FIN"]
[TimeControl "40/5400+30:1800+30"]

1. d4 {[%emt 0:00:00]} d5 {[%emt 0:04:29]} 2. c4 {[%emt 0:00:00]} e6 {[%emt 0:02:00]} 3. Nc3 {[%emt 0:00:04]} Nf6 {[%emt 0:01:01]} 4. Bg5 {[%emt 0:00:27]} Be7 {[%emt 0:01:26]} 5. e3 {[%emt 0:00:12]} O-O {[%emt 0:04:39]} 6. Nf3 {[%emt 0:00:16]} Nbd7 {[%emt 0:01:23]} 7. Qc2 {[%emt 0:00:24]} b6 {[%emt 0:03:34]} 8. cxd5 {[%emt 0:03:18]} exd5 {[%emt 0:03:08]} 9. Bb5 {[%emt 0:06:05] D61: Queen's Gambit Declined: Classical: 7 Qc2} (9. Bd3 c5 10. Ne5 h6 11. Nc6 Qe8 12. Nxe7+ Qxe7 13. Nxd5 Qd6 14. Nxf6+ Nxf6 15. Bf4 Qd5 16. dxc5 Qxg2 17. O-O-O Qc6 18. Rhg1 Kh8 19. Be5 Bb7 20. Rxg7 Kxg7 21. Rg1+ Kh8 22. Qc3 {1-0 (22) Girya,O (2505)-Pogonina,N (2466) Sochi 2017}) 9... Bb7 {[%emt 0:05:12]} 10. O-O {[%emt 0:02:15]} h6 {[%emt 0:01:59]} 11. Bh4 {[%emt 0:02:51]} Rc8 {[%emt 0:05:26]} 12. Bd3 {[%emt 0:01:34]} c5 {[%emt 0:03:01]} 13. Bf5 {[%emt 0:11:12]} cxd4 $146 {[%emt 0:07:42]} ({Find the theoretical novelty and annotate with similar games:} 13... g6 14. Bxg6 fxg6 15. Qxg6+ Kh8 16. Nb5 a6 17. Nd6 Bxd6 18. Qxh6+ Kg8 19. Qg6+ Kh8 20. Qh6+ Kg8 {½-½ (20) Splichal,J (2112)-Costa Trillo,V (2228) ICCF email 2014}) 14. exd4 {[%emt 0:00:52]} Rc4 {[%emt 0:02:07]} 15. Rfe1 {[%emt 0:15:35]} Re8 {[%emt 0:12:51]} 16. Qd3 {[%emt 0:11:03]} a6 {[%emt 0:08:28]} 17. Re2 {[%emt 0:05:02]} b5 {[%emt 0:08:42]} 18. Rae1 {[%emt 0:02:14]} g5 {[%emt 0:04:25]} 19. Bg3 {[%emt 0:01:35]} Bb4 {[%emt 0:08:18]} 20. h4 {[%emt 0:10:58]} Rxe2 {[%emt 0:00:26]} 21. Rxe2 {[%emt 0:01:16]} g4 {[%emt 0:03:57]} 22. Ne5 {[%emt 0:02:41]} Nxe5 {[%emt 0:00:51]} 23. dxe5 {[%emt 0:02:53]} Nh5 {[%emt 0:01:29]} 24. e6 {[%emt 0:05:48]} Nxg3 {[%emt 0:02:04]} 25. Qxg3 {[%emt 0:02:06]} (25. exf7+ Kxf7 26. fxg3 (26. Qxg3 Qd6 $16) 26... Qf6 $18) 25... h5 {[%emt 0:01:22]} 26. Qe5 {[%emt 0:05:05]} f6 {[%emt 0:01:56]} 27. e7 {[%emt 0:00:39]} Qe8 {[%emt 0:01:02]} 28. Qxf6 {[%emt 0:00:22]} d4 {[%emt 0:00:36]} 29. Be6+ {[%emt 0:01:09]} Kh7 {[%emt 0:00:28]} 30. Bf7 {[%emt 0:00:38]} Qc6 {[%emt 0:00:36]} 31. Qxc6 {[%emt 0:02:18]} Bxc6 {[%emt 0:00:18]} 32. Bxc4 {[%emt 0:02:49]} bxc4 {[%emt 0:00:33]} 33. e8=Q {[%emt 0:00:09]} Bxe8 {[%emt 0:00:07]} 34. Rxe8 {[%emt 0:00:04]} dxc3 {[%emt 0:00:18]} 35. bxc3 {[%emt 0:00:02]} Bxc3 {[%emt 0:00:13]} 36. Rc8 {[%emt 0:00:12]} Bf6 {[%emt 0:00:35]} 37. Rxc4 {[%emt 0:00:11]} Bd8 {[%emt 0:00:58]} 38. Rc8 $18 {[%emt 0:00:35]} Bxh4 {[%emt 0:00:45]} 39. Ra8 {[%emt 0:00:37]} a5 {[%emt 0:00:53]} 40. Rxa5 {[%emt 0:00:00]} 1-0

[Event "ESTCC U65 2018"]
[Site "Walbrzych"]
[Date "2018.04.19"]
[Round "6"]
[White "Hammar, Bengt"]
[Black "Kierzek, Matthias"]
[Result "1/2-1/2"]
[WhiteElo "2133"]
[BlackElo "2272"]
[Annotator "NA RC"]
[PlyCount "42"]
[EventDate "2018.??.??"]
[EventCountry "POL"]
[SourceTitle "playchess.com"]
[Source "ChessBase"]
[SourceQuality "1"]
[WhiteTeam "Sweden"]
[BlackTeam "Germany"]
[WhiteTeamCountry "SWE"]
[BlackTeamCountry "GER"]
[TimeControl "40/5400+30:1800+30"]

1. e4 {[%emt 0:00:00]} c6 {[%emt 0:00:05]} 2. d4 {[%emt 0:00:36]} d5 {[%emt 0:00:06]} 3. Nc3 {[%emt 0:00:29]} dxe4 {[%emt 0:00:06]} 4. Nxe4 {[%emt 0:00:07]} Bf5 {[%emt 0:00:05]} 5. Ng3 {[%emt 0:00:13]} Bg6 {[%emt 0:00:05]} 6. N1e2 {[%emt 0:00:18]} e6 {[%emt 0:00:16]} 7. Nf4 {[%emt 0:00:50]} Bd6 {[%emt 0:01:12]} 8. c3 {[%emt 0:03:55]} Nf6 {[%emt 0:05:17]} 9. h4 {[%emt 0:02:37]} Bxf4 {[%emt 0:06:17]} 10. Bxf4 {[%emt 0:00:47]} h6 {[%emt 0:00:02]} 11. h5 {[%emt 0:04:19]} Bh7 {[%emt 0:00:10]} 12. Qb3 {[%emt 0:00:28]} Qe7 {[%emt 0:11:42]} 13. Be2 $11 {[%emt 0:01:39] LiveBook: 25 Games} a5 {[%emt 0:02:41]} 14. c4 {[%emt 0:12:00]} a4 {[%emt 0:09:46]} 15. Qc3 {[%emt 0:02:01]} Nbd7 {[%emt 0:02:31]} 16. O-O {[%emt 0:01:22]} O-O {[%emt 0:01:46]} 17. Rfe1 {[%emt 0:01:52]} Rfe8 {[%emt 0:08:10]} 18. Bf3 {[%emt 0:02:22]} Qd8 {[%emt 0:00:56]} 19. Rad1 {[%emt 0:04:11]} Qb6 {[%emt 0:02:03]} 20. Re2 {[%emt 0:10:45]} Qa5 {[%emt 0:05:34]} 21. Qxa5 {[%emt 0:05:58]} Rxa5 {[%emt 0:00:10]} 1/2-1/2